| 000 | 00922nam a2200277 i 4500 | ||
|---|---|---|---|
| 001 | 37000 | ||
| 003 | ES-MaACL | ||
| 005 | 20250804062610.0 | ||
| 007 | t| | ||
| 008 | 140911s2013 sp ||||1| spa d | ||
| 020 | _a978-84-376-3159-2 | ||
| 080 | _a821.134.2-31"18" | ||
| 100 | 1 |
_aPérez Galdós, Benito, _d1843-1920 _990871 |
|
| 245 | 1 | 3 |
_aEl abuelo / _cBenito Pérez Galdós ; edición de Rosa Amor del Olmo. |
| 250 | _a1ª ed. | ||
| 260 |
_aMadrid : _bCátedra, _c2013. |
||
| 300 |
_a385 p. ; _c18 cm. |
||
| 490 | 1 |
_aLetras hispánicas ; _v727 |
|
| 504 | _aBibliografía: p. 115-127. | ||
| 700 | 1 |
_aAmor del Olmo, Rosa, _d1963- _9137798 |
|
| 830 | 0 | 0 |
_aLetras hispánicas ; _v727 _9235703 |
| 852 |
_aES-MaACL _jA-13222 _938347 _bR.149986 _cDEPO1 _dOlim: N-6222 _hDonación: Rosa Amor |
||
| 903 |
_aAmor del Olmo, Rosa, _d1963- _ednr _9137798 |
||
| 942 |
_2udc _cMONOGRAFIA |
||
| 999 |
_c37000 _d37000 |
||